| 000 | 00610nam a2200205Ia 4500 | ||
|---|---|---|---|
| 003 | PILC | ||
| 005 | 20160218130906.0 | ||
| 008 | 140529s9999 xx 000 0 und d | ||
| 020 | _a9780197264898 | ||
| 050 |
_aBJ 1461 _b.F83 2011 |
||
| 245 |
_aFree will and modern science / _cedited by Richard Swinburne. |
||
| 260 |
_aOxford ; New York : _bOxford University Press, _c2011. |
||
| 300 |
_a206 pages ; _c24 cm. |
||
| 500 | _aIncludes bibliographical references and index. | ||
| 650 | _aMathematics. | ||
| 650 | _aNeurosciences. | ||
| 650 | _aQuantum theory. | ||
| 942 |
_kFOR _cBK _2lcc |
||
| 999 |
_c117759 _d117759 |
||